000 00314nam a22001337a 4500
008 170808b xxu||||| |||| 00| 0 eng d
020 _a9780130159205
041 _aeng
080 _a004
100 _a33
101 _aSHKI
245 _aOBJECT-ORIENTED MODELING AND DESIGN WITH UML
_cBLAHA, M
942 _2udc
_cBK
999 _c22867
_d22867